Práce a odměna v občanském právu

Gespeichert in:
Bibliographische Detailangaben
Format: Buch
Sprache:Tschechisch
Veröffentlicht: Praha V. Linhart 1948
Tags: Tag hinzufügen
Keine Tags, Fügen Sie das erste Tag hinzu!

MARC

LEADER 00000nam a2200000 4500
001 0268849
005 20240822101713.1
041 0 |a cze 
044 |a -CS 
245 1 0 |a Práce a odměna v občanském právu  |c Vladimír Hrdlička 
264 1 |a Praha  |b V. Linhart  |c 1948